[Event "Play for Durgesh Fundraiser Blitz"]
[Site "Vishy Anand Arena"]
[Date "2020.09.19"]
[Round "5"]
[White "Vaishnavi0309"]
[Black "AdeepKumar"]
[Result "1-0"]
[WhiteElo "1409"]
[BlackElo "1259"]
[Annotator "NA"]
[PlyCount "83"]
[EventDate "2020.09.19"]
[EventType "swiss (blitz)"]

1. e4 e5 2. Nf3 Nc6 3. Nc3 Nf6 4. d4 d6 5. dxe5 dxe5 6. Qxd8+ Kxd8 7. Bg5 h6 8. Bh4 Be6 9. O-O-O+ Kc8 10. Bb5 a6 11. Bxc6 bxc6 12. Nxe5 Bc5 13. Nxc6 Bc4 14. Ne5 Be6 15. Nd5 Bxd5 16. exd5 Nxd5 17. Rxd5 Bb4 18. Nxf7 Rf8 19. Ne5 g5 20. Bg3 h5 21. h4 gxh4 22. Rxh4 Rd8 23. Rxd8+ Kxd8 24. Rxh5 Rb8 25. Rh8+ Ke7 26. Rxb8 Bc5 27. Rb7 Bd4 28. Rxc7+ Kd6 29. Nd3+ Kd5 30. Rd7+ Kc4 31. Rxd4+ Kxd4 32. Kd2 a5 33. b3 Kd5 34. c4+ Kc6 35. f4 Kb6 36. f5 Kc6 37. f6 Kd7 38. c5 Kd8 39. c6 a4 40. bxa4 Kc8 41. f7 Kd8 42. f8=Q# 1-0

[Event "Play for Durgesh Fundraiser Blitz"]
[Site "Vishy Anand Arena"]
[Date "2020.09.19"]
[Round "5"]
[White "Hemanthagowda23"]
[Black "GIRI_CHESSBASE"]
[Result "0-1"]
[WhiteElo "1400"]
[BlackElo "1265"]
[Annotator "NA"]
[PlyCount "46"]
[EventDate "2020.09.19"]
[EventType "swiss (blitz)"]

1. e4 e5 2. d4 exd4 3. c3 dxc3 4. Bc4 Nf6 5. Nxc3 Bb4 6. Bd2 Nc6 7. Nf3 d6 8. O-O Bg4 9. h3 Bh5 10. Be2 Qd7 11. e5 dxe5 12. Nxe5 Nxe5 13. Bxh5 Nxh5 14. Re1 Qf5 15. f4 Nxf4 16. Bxf4 Qxf4 17. Nd5 Bc5+ 18. Kh1 Qg5 19. Nxc7+ Kf8 20. Nxa8 Ng4 21. Qxg4 Qxg4 22. hxg4 h5 23. a3 hxg4# 0-1

[Event "Play for Durgesh Fundraiser Blitz"]
[Site "Vishy Anand Arena"]
[Date "2020.09.19"]
[Round "5"]
[White "Shaarav heda"]
[Black "Adithya s"]
[Result "0-1"]
[WhiteElo "1399"]
[BlackElo "1373"]
[Annotator "NA"]
[PlyCount "56"]
[EventDate "2020.09.19"]
[EventType "swiss (blitz)"]

1. e4 e5 2. d3 d6 3. Nf3 Nf6 4. Bg5 Bg4 5. Nc3 Nc6 6. h3 Bxf3 7. Qxf3 Be7 8. Nb5 a6 9. d4 axb5 10. Bxb5 O-O 11. dxe5 dxe5 12. Bxc6 bxc6 13. Rd1 Qc8 14. Bxf6 Bxf6 15. Qh5 Rxa2 16. O-O Rxb2 17. Rc1 h6 18. Rfe1 Bg5 19. Ra1 Rxc2 20. Re2 Rxe2 21. Qxe2 Qd7 22. Ra5 Rd8 23. Ra1 Qd2 24. Qxd2 Rxd2 25. Ra8+ Kh7 26. f4 Bxf4 27. g3 Bxg3 28. Ra3 Bf2+ 0-1

[Event "Play for Durgesh Fundraiser Blitz"]
[Site "Vishy Anand Arena"]
[Date "2020.09.19"]
[Round "5"]
[White "Rockboss"]
[Black "A1263a"]
[Result "0-1"]
[WhiteElo "1392"]
[BlackElo "1688"]
[Annotator "NA"]
[PlyCount "38"]
[EventDate "2020.09.19"]
[EventType "swiss (blitz)"]

1. d4 Nf6 2. Bf4 e6 3. e3 d5 4. Nf3 c5 5. c3 b6 6. Nbd2 Bb7 7. Qc2 Bd6 8. Bg3 O-O 9. Be2 Nc6 10. O-O Ne7 11. Rad1 Nf5 12. Bxd6 Nxd6 13. dxc5 bxc5 14. Nb3 Rc8 15. Ne5 Qc7 16. c4 dxc4 17. Nxc4 Nxc4 18. Bxc4 Qc6 19. Na5 Qxg2# 0-1

[Event "Play for Durgesh Fundraiser Blitz"]
[Site "Vishy Anand Arena"]
[Date "2020.09.19"]
[Round "5"]
[White "AmoghB"]
[Black "Tknayak101"]
[Result "0-1"]
[WhiteElo "1388"]
[BlackElo "1641"]
[Annotator "NA"]
[PlyCount "112"]
[EventDate "2020.09.19"]
[EventType "swiss (blitz)"]

1. e4 c5 2. Nc3 d6 3. f4 e6 4. Nf3 Nf6 5. Bb5+ Nbd7 6. e5 dxe5 7. Nxe5 Bd6 8. O-O O-O 9. Nxd7 Bxd7 10. Bxd7 Qxd7 11. d3 Rfd8 12. Be3 Qc6 13. Qf3 Qb6 14. Rab1 Qb4 15. Ne4 Nxe4 16. dxe4 c4 17. f5 exf5 18. Qxf5 f6 19. Qg4 Bc5 20. Bxc5 Qxc5+ 21. Kh1 Rd2 22. Qf4 Rad8 23. c3 h6 24. Rfe1 Rf2 25. Qg3 Rdd2 26. Qb8+ Kh7 27. b4 cxb3 28. axb3 Rxg2 29. Red1 Rxh2+ 30. Qxh2 Qf2 31. Qxf2 Rxf2 32. Kg1 Re2 33. Re1 Rc2 34. Rbc1 Rb2 35. b4 b5 36. e5 fxe5 37. Rxe5 a6 38. Re6 Ra2 39. Rce1 Ra3 40. R1e3 Ra1+ 41. Kg2 Ra2+ 42. Kg3 Ra1 43. Kg4 Rg1+ 44. Kh5 Rg5+ 45. Kh4 Rg1 46. Rxa6 Rg2 47. Re7 Rh2+ 48. Kg3 Rh1 49. Raa7 Rg1+ 50. Kf2 Rg5 51. Kf3 h5 52. Kf4 Kh6 53. Re6+ g6 54. Rxg6+ Rxg6 55. Rb7 h4 56. Rxb5 h3 0-1

[Event "Play for Durgesh Fundraiser Blitz"]
[Site "Vishy Anand Arena"]
[Date "2020.09.19"]
[Round "5"]
[White "Pratul Rastogi"]
[Black "Warriorniko"]
[Result "0-1"]
[WhiteElo "1380"]
[BlackElo "1426"]
[Annotator "NA"]
[PlyCount "92"]
[EventDate "2020.09.19"]
[EventType "swiss (blitz)"]

1. e4 e5 2. Nf3 Nf6 3. c3 Nc6 4. d4 exd4 5. cxd4 Be7 6. Nc3 O-O 7. g3 d6 8. Bg2 Bg4 9. O-O Re8 10. h3 Bh5 11. Nd5 Nxd5 12. exd5 Nb4 13. a3 Nxd5 14. Be3 Bf6 15. g4 Bg6 16. Nh4 Bxh4 17. Re1 Nxe3 18. Rxe3 Rxe3 19. fxe3 h6 20. Qf3 b6 21. b4 Rc8 22. a4 Qg5 23. a5 Re8 24. axb6 axb6 25. Re1 Be4 26. Qe2 Bxg2 27. Qxg2 Bxe1 28. Qf1 Qxe3+ 29. Kh1 Qe4+ 30. Kg1 Qxd4+ 31. Kg2 Qd2+ 32. Kg1 Qe3+ 33. Kh1 Bxb4 34. Qg1 Qe4+ 35. Kh2 Qe2+ 36. Kh1 Qe1 37. Qxe1 Rxe1+ 38. Kg2 d5 39. Kf3 d4 40. Kf2 d3 41. Kf3 Re6 42. Kf4 d2 43. h4 d1=Q 44. g5 Qf1+ 45. Kg4 Re4+ 46. Kh5 Qf3# 0-1

[Event "Play for Durgesh Fundraiser Blitz"]
[Site "Vishy Anand Arena"]
[Date "2020.09.19"]
[Round "5"]
[White "Nalini Agarwala"]
[Black "Crazyintrovert"]
[Result "0-1"]
[WhiteElo "1379"]
[BlackElo "1476"]
[Annotator "NA"]
[PlyCount "64"]
[EventDate "2020.09.19"]
[EventType "swiss (blitz)"]

1. e4 e5 2. Nc3 Nf6 3. Nf3 Nc6 4. Bc4 g6 5. Ng5 d5 6. exd5 Na5 7. b3 Nxc4 8. bxc4 Nh5 9. d3 Bh6 10. Nge4 Bxc1 11. Rxc1 O-O 12. O-O Nf4 13. g3 Nh5 14. a4 a6 15. c5 Ng7 16. c6 bxc6 17. dxc6 f5 18. Nc5 Qd4 19. Ne6 Bxe6 20. Ne2 Qd5 21. c4 Qxc6 22. f4 exf4 23. Nxf4 Qd7 24. Re1 Bf7 25. d4 Rfe8 26. Rxe8+ Rxe8 27. c5 Qc6 28. d5 Qd7 29. c6 Qd6 30. Qd2 Rd8 31. Qa5 Bxd5 32. Qxa6 Be4 0-1

[Event "Play for Durgesh Fundraiser Blitz"]
[Site "Vishy Anand Arena"]
[Date "2020.09.19"]
[Round "5"]
[White "Prateek_thakur"]
[Black "Abhiharry726"]
[Result "0-1"]
[WhiteElo "1379"]
[BlackElo "1661"]
[Annotator "NA"]
[PlyCount "48"]
[EventDate "2020.09.19"]
[EventType "swiss (blitz)"]

1. e4 e5 2. Nf3 Nc6 3. Bc4 Nf6 4. d3 Bc5 5. Nc3 O-O 6. a3 a6 7. h3 Na5 8. Ba2 Bd4 9. Bd2 d6 10. Qe2 Nc6 11. O-O-O b5 12. h4 a5 13. Nxb5 Rb8 14. Nbxd4 Nxd4 15. Nxd4 exd4 16. f3 Be6 17. Bxe6 fxe6 18. g4 c5 19. Qh2 Qb6 20. Bh6 Qxb2+ 21. Kd2 Qc3+ 22. Kc1 Rb2 23. Qd2 Qxa3 24. Bxg7 Qa1# 0-1

[Event "Play for Durgesh Fundraiser Blitz"]
[Site "Vishy Anand Arena"]
[Date "2020.09.19"]
[Round "5"]
[White "Kiruthi"]
[Black "Stuti_Bhatt"]
[Result "1-0"]
[WhiteElo "1377"]
[BlackElo "1419"]
[Annotator "NA"]
[PlyCount "87"]
[EventDate "2020.09.19"]
[EventType "swiss (blitz)"]

1. c4 e5 2. e4 Qf6 3. Nf3 Nc6 4. b3 Nd4 5. Bb2 Be7 6. d3 Nxf3+ 7. gxf3 c6 8. Rg1 Bc5 9. Nd2 d5 10. cxd5 Qh4 11. Rg2 Bh3 12. Qe2 Bxg2 13. Bxg2 Qf4 14. dxc6 O-O-O 15. cxb7+ Kxb7 16. O-O-O Qxh2 17. Bf1 Bb6 18. Kb1 Nf6 19. Nc4 Ne8 20. Bxe5 Qxf2 21. Qxf2 Bxf2 22. f4 f6 23. Bc3 h5 24. Bg2 Ka6 25. Rd2 Be1 26. Rc2 Bxc3 27. Rxc3 Nd6 28. d4 Nb5 29. Rd3 Nxd4 30. Bf1 Ne6 31. Rf3 Rh6 32. Nd6+ Kb6 33. Nf5 Rd1+ 34. Kc2 Rd8 35. Nxh6 Nd4+ 36. Kc3 Nxf3 37. Nf7 Rd1 38. e5 Rxf1 39. exf6 Rc1+ 40. Kd3 Rd1+ 41. Ke2 Ra1 42. fxg7 Rxa2+ 43. Kxf3 Ra3 44. Kg3 1-0

[Event "Play for Durgesh Fundraiser Blitz"]
[Site "Vishy Anand Arena"]
[Date "2020.09.19"]
[Round "5"]
[White "Aryn"]
[Black "Sahana007"]
[Result "1-0"]
[WhiteElo "1367"]
[BlackElo "1311"]
[Annotator "NA"]
[PlyCount "87"]
[EventDate "2020.09.19"]
[EventType "swiss (blitz)"]

1. e4 e5 2. Nf3 Nc6 3. Bc4 Nf6 4. Ng5 d5 5. exd5 Nxd5 6. d3 Be7 7. Nf3 O-O 8. Nc3 Nxc3 9. bxc3 h6 10. d4 exd4 11. cxd4 Bf6 12. d5 Re8+ 13. Be3 Bxa1 14. dxc6 Qxd1+ 15. Kxd1 bxc6 16. Bd2 Bf6 17. Be3 Rb8 18. Bd4 Bxd4 19. Nxd4 c5 20. Nf3 Bg4 21. h3 Bh5 22. g4 Bg6 23. h4 Rb1+ 24. Kd2 Rxh1 25. h5 Bh7 26. Bd3 Rhe1 27. Nxe1 Bxd3 28. cxd3 Re7 29. Nf3 Rd7 30. Ne5 Rd6 31. f4 a5 32. Ke3 Rb6 33. Ke4 Rb2 34. a3 Ra2 35. Nc4 a4 36. d4 cxd4 37. Kxd4 Kf8 38. Kc5 Rc2 39. Kb4 Ke7 40. Ne3 Rc6 41. Kxa4 Ra6+ 42. Kb5 Ra7 43. Nd5+ Kd7 44. f5 1-0

[Event "Play for Durgesh Fundraiser Blitz"]
[Site "Vishy Anand Arena"]
[Date "2020.09.19"]
[Round "5"]
[White "Zoyanizar"]
[Black "Ravs_rams"]
[Result "0-1"]
[WhiteElo "1364"]
[BlackElo "1505"]
[Annotator "NA"]
[PlyCount "78"]
[EventDate "2020.09.19"]
[EventType "swiss (blitz)"]

1. d4 Nf6 2. Bf4 d5 3. e3 Nc6 4. Nd2 e6 5. Ngf3 Bd6 6. Bg3 Qe7 7. Bd3 Nb4 8. Qe2 Bd7 9. a3 Nxd3+ 10. Qxd3 O-O-O 11. O-O-O a6 12. Ne5 Bb5 13. Qc3 Ne4 14. Nxe4 dxe4 15. Kb1 f6 16. Nc4 Bxc4 17. Qxc4 e5 18. dxe5 Bxe5 19. Qxe4 Bd6 20. Qxe7 Bxe7 21. Kc1 h5 22. Rxd8+ Bxd8 23. Rd1 h4 24. Bf4 g5 25. Bxg5 fxg5 26. e4 Re8 27. f3 Bf6 28. Rd5 Be5 29. Kd2 Bf4+ 30. Kd3 Rd8 31. Rxd8+ Kxd8 32. Kd4 Bxh2 33. e5 Bf4 34. Kd5 Ke7 35. e6 Bd6 36. c4 c6+ 37. Ke4 Kxe6 38. b4 Bc5 39. bxc5 a5 0-1

[Event "Play for Durgesh Fundraiser Blitz"]
[Site "Vishy Anand Arena"]
[Date "2020.09.19"]
[Round "5"]
[White "Aryaman_tickoo"]
[Black "VenkChess"]
[Result "0-1"]
[WhiteElo "1357"]
[BlackElo "1477"]
[Annotator "NA"]
[PlyCount "52"]
[EventDate "2020.09.19"]
[EventType "swiss (blitz)"]

1. e4 c6 2. d4 d5 3. exd5 cxd5 4. Nf3 Nc6 5. Bb5 Bg4 6. h3 Bh5 7. g4 Bg6 8. Ne5 Qb6 9. Nxc6 bxc6 10. Bd3 Qxd4 11. Be3 Qxb2 12. Nd2 Bxd3 13. cxd3 Qe5 14. O-O Nf6 15. Nf3 Qc7 16. Qa4 e6 17. Ne5 Rc8 18. Bf4 Bd6 19. Ng6 hxg6 20. Bxd6 Qxd6 21. Kg2 Nxg4 22. hxg4 Rh2+ 23. Kf3 Rh3+ 24. Ke2 Qe5+ 25. Kd2 Qb2+ 26. Kd1 Qb1+ 0-1

[Event "Play for Durgesh Fundraiser Blitz"]
[Site "Vishy Anand Arena"]
[Date "2020.09.19"]
[Round "5"]
[White "PowerPufGirl"]
[Black "Namanjain2005"]
[Result "0-1"]
[WhiteElo "1357"]
[BlackElo "1603"]
[Annotator "NA"]
[PlyCount "74"]
[EventDate "2020.09.19"]
[EventType "swiss (blitz)"]

1. d4 Nf6 2. a3 g6 3. h3 d5 4. e3 Bg7 5. Nc3 Nc6 6. Bd3 e5 7. dxe5 Nxe5 8. Nf3 Nxd3+ 9. Qxd3 O-O 10. O-O Bf5 11. Qd2 c6 12. Re1 Qc7 13. e4 Nxe4 14. Nxe4 Bxe4 15. Ng5 Rfe8 16. Nxe4 Rxe4 17. Rxe4 dxe4 18. Qg5 Rd8 19. Be3 Bxb2 20. Rf1 Bxa3 21. Bf4 Bd6 22. Be3 b6 23. Qh6 Bf8 24. Qg5 Rd5 25. Qh4 Qe5 26. Bf4 Qc3 27. Be3 Qxc2 28. Rc1 Rd1+ 29. Kh2 Rxc1 30. Bxc1 Qxc1 31. Qxe4 c5 32. f3 c4 33. Qa8 c3 34. Qxa7 c2 35. Qxb6 Qf4+ 36. g3 Qd2+ 37. Kg1 c1=Q# 0-1

[Event "Play for Durgesh Fundraiser Blitz"]
[Site "Vishy Anand Arena"]
[Date "2020.09.19"]
[Round "5"]
[White "Nithin2107"]
[Black "Bhabnish7"]
[Result "1-0"]
[WhiteElo "1324"]
[BlackElo "1339"]
[Annotator "NA"]
[PlyCount "59"]
[EventDate "2020.09.19"]
[EventType "swiss (blitz)"]

1. e4 c5 2. Nf3 d6 3. d4 cxd4 4. Nxd4 Nf6 5. Nc3 g6 6. Be3 Bg7 7. f3 O-O 8. Qd2 Nc6 9. Bc4 Bd7 10. O-O-O Rc8 11. Bb3 Ne5 12. h4 h5 13. Bg5 Rc5 14. Kb1 b5 15. g4 hxg4 16. h5 Nxh5 17. Rxh5 gxh5 18. Nf5 Nxf3 19. Qe3 Nxg5 20. Qxg5 Bxf5 21. exf5 e6 22. Qxh5 Rd5 23. Nxd5 exd5 24. Qxg4 Qf6 25. c3 b4 26. Rd3 Re8 27. Qg3 bxc3 28. Rxc3 d4 29. Rc7 Qxf5+ 30. Rc2 1-0

[Event "Play for Durgesh Fundraiser Blitz"]
[Site "Vishy Anand Arena"]
[Date "2020.09.19"]
[Round "5"]
[White "Boonrook"]
[Black "SuhasMrinal"]
[Result "0-1"]
[WhiteElo "1316"]
[BlackElo "1559"]
[Annotator "NA"]
[PlyCount "82"]
[EventDate "2020.09.19"]
[EventType "swiss (blitz)"]

1. e4 e5 2. Nf3 Nc6 3. d4 d6 4. h3 Nf6 5. Nc3 exd4 6. Nxd4 Nxd4 7. Qxd4 Be7 8. Bg5 O-O 9. Bxf6 Bxf6 10. Qd3 Re8 11. Be2 b6 12. O-O-O Bb7 13. f3 c5 14. g4 a5 15. Nd5 Bxd5 16. Qxd5 a4 17. Bc4 Re7 18. h4 a3 19. b3 Bb2+ 20. Kb1 Rb8 21. f4 b5 22. Bd3 c4 23. Be2 cxb3 24. cxb3 Rc7 25. Bxb5 Qc8 26. Bc4 Rxc4 27. bxc4 Bc3+ 28. Kc2 Ba5 29. Rb1 h6 30. Rxb8 Qxb8 31. Rb1 Qc8 32. Qxa5 Qxg4 33. Qxa3 Qe2+ 34. Kb3 Qxe4 35. Qxd6 Qe3+ 36. Kb4 Qf3 37. Qd8+ Kh7 38. Rd1 Qb7+ 39. Kc5 Qa7+ 40. Qb6 Qxa2 41. Rd5 Qf2+ 0-1

[Event "Play for Durgesh Fundraiser Blitz"]
[Site "Vishy Anand Arena"]
[Date "2020.09.19"]
[Round "5"]
[White "Asa0285"]
[Black "Ishaan31"]
[Result "1-0"]
[WhiteElo "1314"]
[BlackElo "1144"]
[Annotator "NA"]
[PlyCount "39"]
[EventDate "2020.09.19"]
[EventType "swiss (blitz)"]

1. e4 e5 2. Nf3 Nc6 3. Bb5 Bc5 4. d3 a6 5. Ba4 Nf6 6. h3 Qe7 7. Bg5 b5 8. Bb3 h6 9. Bh4 g5 10. Bg3 Nd4 11. O-O Nxf3+ 12. Qxf3 h5 13. Qf5 h4 14. Bxe5 d6 15. Qxf6 Qxe5 16. Qxf7+ Kd8 17. Nc3 Bd7 18. Nd5 Be6 19. Qxc7+ Ke8 20. Qe7# 1-0

[Event "Play for Durgesh Fundraiser Blitz"]
[Site "Vishy Anand Arena"]
[Date "2020.09.19"]
[Round "5"]
[White "Prathinav244"]
[Black "Yashteotiachess"]
[Result "1-0"]
[WhiteElo "1312"]
[BlackElo "1493"]
[Annotator "NA"]
[PlyCount "29"]
[EventDate "2020.09.19"]
[EventType "swiss (blitz)"]

1. d4 d5 2. Bf4 Nc6 3. e3 e6 4. Nf3 Bd6 5. Bg3 Bxg3 6. hxg3 Nf6 7. c3 Ne4 8. Bd3 Nf6 9. Nbd2 O-O 10. Ne5 Nxe5 11. dxe5 Nd7 12. Bxh7+ Kh8 13. Qh5 g6 14. Bxg6+ Kg7 15. Qh7# 1-0

[Event "Play for Durgesh Fundraiser Blitz"]
[Site "Vishy Anand Arena"]
[Date "2020.09.19"]
[Round "5"]
[White "Saharshkuna"]
[Black "Captain marvel"]
[Result "1-0"]
[WhiteElo "1307"]
[BlackElo "1620"]
[Annotator "NA"]
[PlyCount "45"]
[EventDate "2020.09.19"]
[EventType "swiss (blitz)"]

1. e4 e5 2. Bc4 Nf6 3. Nf3 Nc6 4. Ng5 d5 5. exd5 Nxd5 6. Nxf7 Kxf7 7. Qf3+ Ke8 8. Bxd5 Qe7 9. O-O e4 10. Qxe4 Qxe4 11. Bxe4 Ne7 12. Re1 Bd7 13. Nc3 a6 14. d3 g6 15. Bf4 Rc8 16. Bxb7 Rb8 17. Be4 Rxb2 18. Be5 Rxc2 19. Bxh8 c6 20. Rac1 Rd2 21. Re2 Rxe2 22. Nxe2 Bg4 23. Nd4 1-0

[Event "Play for Durgesh Fundraiser Blitz"]
[Site "Vishy Anand Arena"]
[Date "2020.09.19"]
[Round "5"]
[White "Tejesh Reddy"]
[Black "Chess_king123"]
[Result "0-1"]
[WhiteElo "1305"]
[BlackElo "1426"]
[Annotator "NA"]
[PlyCount "28"]
[EventDate "2020.09.19"]
[EventType "swiss (blitz)"]

1. e4 d5 2. exd5 Nf6 3. Nc3 e6 4. dxe6 Bxe6 5. Nf3 Nc6 6. Bd3 Qd7 7. O-O Bd6 8. Qe1 O-O-O 9. Rb1 Bg4 10. h3 Bxh3 11. Ng5 Bxg2 12. Kxg2 Qg4+ 13. Kh1 Qh4+ 14. Kg1 Qh2# 0-1

[Event "Play for Durgesh Fundraiser Blitz"]
[Site "Vishy Anand Arena"]
[Date "2020.09.19"]
[Round "5"]
[White "Onkar Charpilwar"]
[Black "Prajwalpshenoy"]
[Result "1-0"]
[WhiteElo "1304"]
[BlackElo "1461"]
[Annotator "NA"]
[PlyCount "55"]
[EventDate "2020.09.19"]
[EventType "swiss (blitz)"]

1. e4 e6 2. d4 d5 3. e5 c5 4. c3 Nc6 5. Nf3 Bd7 6. Bb5 Nxe5 7. Nxe5 Bxb5 8. Qf3 Nf6 9. Bg5 Be7 10. Bxf6 Bxf6 11. Ng4 cxd4 12. Nxf6+ Qxf6 13. Qxf6 gxf6 14. cxd4 Rg8 15. Nc3 Ke7 16. Nxb5 a6 17. Nc3 Rxg2 18. Ke2 Rag8 19. Kf3 R2g5 20. Ne2 Rf5+ 21. Ke3 Rg2 22. Raf1 Rg4 23. Ng3 Rfg5 24. Rhg1 Rg8 25. Ne2 Re4+ 26. Kd3 Rxe2 27. Kxe2 Rc8 28. Rc1 1-0

[Event "Play for Durgesh Fundraiser Blitz"]
[Site "Vishy Anand Arena"]
[Date "2020.09.19"]
[Round "5"]
[White "Cubing siddanth"]
[Black "Naga jaswanth"]
[Result "0-1"]
[WhiteElo "1296"]
[BlackElo "1379"]
[Annotator "NA"]
[PlyCount "32"]
[EventDate "2020.09.19"]
[EventType "swiss (blitz)"]

1. e4 e5 2. Nf3 Nc6 3. Bc4 Nf6 4. Nc3 Bc5 5. b3 d6 6. Bb2 Be6 7. Bd3 Qe7 8. Qe2 O-O-O 9. h3 d5 10. exd5 Bxd5 11. Nxd5 Rxd5 12. Nxe5 Nxe5 13. Bc4 Rd6 14. O-O-O Re8 15. Bxe5 Qxe5 16. Qf3 Qa1# 0-1

[Event "Play for Durgesh Fundraiser Blitz"]
[Site "Vishy Anand Arena"]
[Date "2020.09.19"]
[Round "5"]
[White "SaurabhGurbhele"]
[Black "SudiNarayana"]
[Result "1-0"]
[WhiteElo "1294"]
[BlackElo "1063"]
[Annotator "NA"]
[PlyCount "51"]
[EventDate "2020.09.19"]
[EventType "swiss (blitz)"]

1. e4 e5 2. Nf3 Nc6 3. Nc3 Nf6 4. Bc4 Bc5 5. O-O O-O 6. d3 d6 7. Be3 Be6 8. d4 exd4 9. Nxd4 Bxd4 10. Bxd4 Nxd4 11. Qxd4 c5 12. Qe3 Ng4 13. Qg3 Bxc4 14. Rfd1 Be6 15. e5 d5 16. h3 Nh6 17. Rd3 Nf5 18. Qg4 Ne3 19. Rxe3 Bxg4 20. Rg3 Bd7 21. Re1 g6 22. Nxd5 Be6 23. Nf6+ Kh8 24. c4 Bxc4 25. Re4 Be6 26. Rh4 1-0

[Event "Play for Durgesh Fundraiser Blitz"]
[Site "Vishy Anand Arena"]
[Date "2020.09.19"]
[Round "5"]
[White "Thewinner64"]
[Black "Tustintin"]
[Result "0-1"]
[WhiteElo "1280"]
[BlackElo "1571"]
[Annotator "NA"]
[PlyCount "64"]
[EventDate "2020.09.19"]
[EventType "swiss (blitz)"]

1. e4 c6 2. d4 d5 3. exd5 cxd5 4. c4 e6 5. Nc3 dxc4 6. Bxc4 Bb4 7. Bd2 Nf6 8. Nf3 Ne4 9. Nxe4 Qa5 10. Nc3 b5 11. Be2 O-O 12. O-O Qc7 13. Rc1 Bb7 14. Nxb5 Qb6 15. Bxb4 Nc6 16. Bxf8 Rxf8 17. Qc2 Rc8 18. Nc3 Nxd4 19. Nxd4 Qxd4 20. Rfd1 Qf6 21. Qd3 Qg5 22. Qg3 Qf6 23. h3 h6 24. Bf3 Ba6 25. Ne4 Qxb2 26. Rxc8+ Kh7 27. Rc7 Be2 28. Bxe2 Qxe2 29. Qd3 Qxd1+ 30. Qxd1 f5 31. Rxg7+ Kxg7 32. Qd7+ Kg6 0-1

[Event "Play for Durgesh Fundraiser Blitz"]
[Site "Vishy Anand Arena"]
[Date "2020.09.19"]
[Round "5"]
[White "Ruhikansb"]
[Black "Anshuman Upadhyay"]
[Result "0-1"]
[WhiteElo "1269"]
[BlackElo "1422"]
[Annotator "NA"]
[PlyCount "26"]
[EventDate "2020.09.19"]
[EventType "swiss (blitz)"]

1. e4 e5 2. Nf3 Nf6 3. Nxe5 Nc6 4. Nxc6 dxc6 5. Nc3 Bc5 6. Bc4 Ng4 7. O-O Qh4 8. h3 Nxf2 9. Qf3 Nxh3+ 10. Kh1 Ng5+ 11. Qh3 Nxh3 12. Bxf7+ Kd8 13. d3 Nf4# 0-1

[Event "Play for Durgesh Fundraiser Blitz"]
[Site "Vishy Anand Arena"]
[Date "2020.09.19"]
[Round "5"]
[White "Vivaan harjani"]
[Black "Dhruvika"]
[Result "1-0"]
[WhiteElo "1251"]
[BlackElo "1290"]
[Annotator "NA"]
[PlyCount "45"]
[EventDate "2020.09.19"]
[EventType "swiss (blitz)"]

1. e4 e5 2. Nf3 Nf6 3. Nc3 Nc6 4. Bb5 Bb4 5. Bxc6 Bxc3 6. Bxd7+ Bxd7 7. dxc3 Nxe4 8. Nxe5 Bc8 9. O-O O-O 10. Qf3 Nd6 11. Bf4 Ne8 12. Rfd1 Nd6 13. Nc4 Nxc4 14. Rxd8 Rxd8 15. Rd1 Re8 16. h3 Rf8 17. Qd5 Be6 18. Qf3 Bf5 19. Bxc7 Bxc2 20. Rd4 b5 21. b3 Rae8 22. bxc4 bxc4 23. Bd6 1-0

[Event "Play for Durgesh Fundraiser Blitz"]
[Site "Vishy Anand Arena"]
[Date "2020.09.19"]
[Round "5"]
[White "AshokJV"]
[Black "Tigerchamp"]
[Result "1-0"]
[WhiteElo "1228"]
[BlackElo "1350"]
[Annotator "NA"]
[PlyCount "121"]
[EventDate "2020.09.19"]
[EventType "swiss (blitz)"]

1. e4 e5 2. Nf3 Nc6 3. Bb5 Bc5 4. O-O d6 5. d3 Nge7 6. Nc3 Bg4 7. Be3 Bxe3 8. fxe3 a6 9. Bxc6+ bxc6 10. Qd2 Ng6 11. h3 Bxf3 12. Rf2 Bh5 13. Re1 O-O 14. g4 Bxg4 15. hxg4 Qh4 16. Rg2 Ne7 17. Qf2 Qxf2+ 18. Kxf2 g6 19. Ke2 f5 20. exf5 Kh8 21. Rh2 gxf5 22. gxf5 Rxf5 23. Reh1 Rf7 24. Ne4 Raf8 25. Ng5 Rg7 26. Nxh7 Rff7 27. Ng5+ Kg8 28. Nxf7 Kxf7 29. Rh7 Rxh7 30. Rxh7+ Ke6 31. Rh6+ Kd7 32. a4 Nd5 33. c4 Nb4 34. Kd2 c5 35. Rh7+ Kc6 36. b3 a5 37. Kc3 Kb6 38. d4 exd4+ 39. exd4 cxd4+ 40. Kxd4 c5+ 41. Kc3 Kc6 42. Rh8 d5 43. cxd5+ Nxd5+ 44. Kc4 Ne7 45. Rh6+ Kc7 46. Rh7 Kd6 47. Kb5 Kd5 48. Rxe7 Kd4 49. Rc7 c4 50. Rxc4+ Kd3 51. Rc6 Ke3 52. Kxa5 Kf3 53. b4 Ke3 54. b5 Kf3 55. b6 Ke3 56. b7 Kd4 57. b8=Q Kd5 58. Qb5+ Ke4 59. Qb4+ Ke3 60. Rc3+ Kf2 61. Qb2+ 1-0

[Event "Play for Durgesh Fundraiser Blitz"]
[Site "Vishy Anand Arena"]
[Date "2020.09.19"]
[Round "5"]
[White "RuchirNSB"]
[Black "H809"]
[Result "0-1"]
[WhiteElo "1213"]
[BlackElo "1588"]
[Annotator "NA"]
[PlyCount "118"]
[EventDate "2020.09.19"]
[EventType "swiss (blitz)"]

1. e4 c5 2. Nf3 d6 3. d4 cxd4 4. Nxd4 Nf6 5. Nc3 g6 6. Be3 Bg7 7. f3 O-O 8. Qd2 Nc6 9. Bc4 Bd7 10. O-O-O a6 11. h4 b5 12. Bb3 h5 13. Bh6 Nxd4 14. Bxg7 Nxb3+ 15. axb3 Kxg7 16. g4 Rh8 17. g5 Ne8 18. Qd4+ e5 19. Qd5 Be6 20. Qd3 b4 21. Nd5 Nc7 22. Nxc7 Qxc7 23. Qxd6 Qxd6 24. Rxd6 Rhd8 25. Rhd1 Rxd6 26. Rxd6 Kf8 27. c3 bxc3 28. bxc3 Bxb3 29. Kb2 Be6 30. Rb6 Ke7 31. Rb7+ Bd7 32. c4 a5 33. c5 Ke6 34. Rb6+ Ke7 35. c6 Be6 36. Rb7+ Kd6 37. c7 Rc8 38. Rb8 Kxc7 39. Rb5 Rb8 40. Rxb8 Kxb8 41. Ka3 Bd7 42. Kb3 a4+ 43. Ka3 Kc7 44. Kb2 Kc6 45. Ka3 Kc5 46. Kb2 Kd4 47. Ka3 Ke3 48. f4 Kxf4 49. Kb2 Kxe4 50. Ka3 Kd3 51. Kb2 e4 52. Ka3 e3 53. Kb2 e2 54. Kc1 e1=Q+ 55. Kb2 Qd2+ 56. Ka3 Qc3+ 57. Ka2 Be6+ 58. Kb1 Qc2+ 59. Ka1 Qa2# 0-1

[Event "Play for Durgesh Fundraiser Blitz"]
[Site "Vishy Anand Arena"]
[Date "2020.09.19"]
[Round "5"]
[White "Vishykrish"]
[Black "Ameethh"]
[Result "0-1"]
[WhiteElo "1169"]
[BlackElo "1458"]
[Annotator "NA"]
[PlyCount "78"]
[EventDate "2020.09.19"]
[EventType "swiss (blitz)"]

1. d4 Nf6 2. Nf3 d5 3. Nc3 b6 4. Bf4 Bb7 5. Bg5 e6 6. e3 Nbd7 7. Bb5 Be7 8. Ne5 O-O 9. Bxf6 Nxf6 10. Bc6 Rb8 11. Bxb7 Rxb7 12. Nc6 Qd7 13. Nxe7+ Qxe7 14. Qd2 Rd8 15. O-O-O c6 16. Rhe1 a5 17. f3 Qb4 18. e4 Ra7 19. a3 Qd6 20. exd5 Nxd5 21. Nxd5 Qxd5 22. Re5 Qd6 23. c4 Rda8 24. c5 bxc5 25. dxc5 Qc7 26. Re3 h6 27. Rd3 Qe5 28. Rd8+ Rxd8 29. Qxd8+ Kh7 30. Qd3+ g6 31. Qf1 Qxc5+ 32. Kb1 Rb7 33. Qe1 Qxa3 34. Qd2 Qb3 35. Qf2 a4 36. Rd2 a3 37. g3 axb2 38. Rc2 Ra7 39. Rxb2 Qd1# 0-1

[Event "Play for Durgesh Fundraiser Blitz"]
[Site "Vishy Anand Arena"]
[Date "2020.09.19"]
[Round "5"]
[White "RIJUD"]
[Black "Sidhurajesh"]
[Result "1-0"]
[WhiteElo "1143"]
[BlackElo "1307"]
[Annotator "NA"]
[PlyCount "111"]
[EventDate "2020.09.19"]
[EventType "swiss (blitz)"]

1. c4 c5 2. Nc3 Nc6 3. Nf3 b6 4. e4 Bb7 5. Be2 g6 6. O-O Bg7 7. d3 e6 8. Qd2 Nge7 9. b3 O-O 10. Bb2 Nd4 11. Nxd4 Bxd4 12. Nb5 Bxb2 13. Qxb2 Bc6 14. f4 d5 15. exd5 exd5 16. Rae1 Bxb5 17. cxb5 d4 18. a4 Nf5 19. Rf3 Nh4 20. Rh3 Nf5 21. g3 Re8 22. Qc1 Ne3 23. Bf3 Rc8 24. Kf2 Nd5 25. Bg4 f5 26. Bf3 Rxe1 27. Qxe1 Ne3 28. Qd2 Qe7 29. Qa2 Rd8 30. b4+ Kg7 31. bxc5 bxc5 32. a5 Qe6 33. Qb2 Nd5 34. Bxd5 Qxd5 35. b6 axb6 36. axb6 Qb7 37. g4 Rb8 38. gxf5 gxf5 39. Rg3+ Kf7 40. Qb3+ Kf6 41. Rh3 Qxb6 42. Rh6+ Ke7 43. Rxb6 Rxb6 44. Qxb6 Kf7 45. Qxc5 Kg6 46. Qxd4 h6 47. Qe3 Kh5 48. d4 Kg6 49. d5 Kf6 50. d6 h5 51. d7 Kg6 52. d8=Q h4 53. Qg8+ Kh5 54. Qf3+ Kh6 55. Qg5+ Kh7 56. Qfh5# 1-0